Statistics for "Gives You Hell" Lyrics

Click here to take the quiz!

General Stats

  • This quiz has been taken 3,510 times
  • The average score is 52 of 58

Answer Stats

HintAnswer% Correct
With a big _____ on my facesmile
100%
And it never feels out of _____place
99%
When you see my ____face
98%
When you see my ____face
98%
When you see my ____face
98%
When you see my ____face
98%
Hope it gives you ____hell
98%
Hope it gives you ____hell
98%
Hope it gives you ____hell
98%
Hope it gives you ____hell
98%
Hope it gives you ____hell
98%
Hope it gives you ____hell
98%
Hope it gives you ____hell
98%
Hope it gives you ____hell
98%
Hope it gives you ____hell
98%
Hope it gives you ____hell
98%
Hope it gives you ____hell
98%
Hope it gives you ____hell
98%
Hope it gives you ____hell
98%
Hope it gives you ____hell
98%
Hope it gives you ____hell
98%
Hope it gives you ____hell
98%
Hope it gives you ____hell
98%
Hope it gives you ____hell
98%
I wake up every _______evening
95%
When you ____ my waywalk
95%
When you ____ my waywalk
95%
When you ____ my waywalk
95%
When you ____ my waywalk
95%
And did it ever get you ___far
92%
When you find a ___ that's worth a damn and treats you wellman
92%
Then he's a ____, you're just as wellfool
89%
Then he's a ____, you're just as wellfool
89%
And truth be told _ ____ ___I miss you
89%
You can't ____ me in the eyeslook
89%
And you're still probably _______working
89%
When you find a man that's worth a ____ and treats you welldamn
88%
What you've ____ to medone
88%
And truth be told __ ______I'm lying
88%
And where's that _____ carshiny
88%
I hope that it will ____ you hellgive
86%
I wonder how bad that ______tastes
86%
When you ____ this songhear
85%
Then you're the fool, I'm just as ____well
84%
They're no ____ to megood
83%
At a ____ __ ____ basenine to five
83%
Do you know _____ you arewhere
83%
You can sing _____along
82%
With the ___, ___ looksad
82%
I've never seen you ____ so hardfall
80%
You can take back your ________memories
78%
And here's all your ____lies
77%
Now where's your ______ _____ lovepicket fence
77%
That you ____ so wellwear
76%
Now you'll _____ seenever
75%
You never seemed so _____ lovetense
70%
I hope that it puts you _______ hellthrough
66%
When you ____ ____ ____ and you sing along but you never tellhear this song
63%

Score Distribution

Percentile by Number Answered

Percent of People with Each Score

Your Score History

You have not taken this quiz